000 00763nam0a22002531 4500
001 rc\3266038
005 20260407080658.0
021 _aRU
_bРг9703-74
035 _a(NLR Aleph) 007389566
090 _a6595952
_c6595952
100 _a20130115d1974 |||y0rusy50 ca
101 0 _arus
102 _aRU
105 _aa b |||||
200 1 _aУстановочные изделия
_e[Каталог]
_fИнформэлектро
210 _aМосква
_cБ. и.
_d1974
215 _a12 с.
_cил.
_d29
225 1 _aЭлектротехника СССР
712 0 2 _4475
_aВНИИ электромеханики
_3RU\NLR\AUTH\886279
_9284356
801 0 _aRU
_bNLR
_gpsbo
801 1 _aRU
_bELAR
_2rusmarc
852 _aNLR
_bСВТЛ
942 _cBOOK
980 _aNB